Cinco tesis filosóficas /
保存先:
| 第一著者: | |
|---|---|
| フォーマット: | 不明 |
| 言語: | Spanish |
| 出版事項: |
Lima, Perú :
Editorial del Pueblo, sin fecha
|
| タグ: |
タグ追加
タグなし, このレコードへの初めてのタグを付けませんか!
|
MARC
| LEADER | 00000 a2200000 04500 | ||
|---|---|---|---|
| 001 | 45279 | ||
| 003 | |||
| 008 | 991231s pe spa d | ||
| 040 | |a CRAI/IIS |c CRAI/IIS | ||
| 020 | |a [sin ISBN] | ||
| 022 | |a [sin ISBN] | ||
| 090 | |a FI 0001 M296c | ||
| 100 | |a Tse-Tung, Mao | ||
| 245 | |a Cinco tesis filosóficas / |c Mao Tse-Tung | ||
| 260 | |a Lima, Perú : |b Editorial del Pueblo, sin fecha | ||
| 300 | |a 159 páginas | ||
| 999 | |c 15031 |d 15031 | ||
